000 00710nam a2200253Ia 4500
003 OSt
005 20220928132617.0
006 a|||||r|||| 00| 0
007 ta
008 220927b |||||||| |||| 00| 0 eng d
020 _cIndian Rupees 495.00
024 _a141103
037 _bGift, 20/05/2019,
_cTextual
040 _aSDCL
_cSDCL
_beng
041 _2eng
_aeng
082 _aV2y7N27, P8 LR
100 _aAdvani L.K.
_9477102
245 0 _aMy country my life
260 _aNew Delhi
_bRupa Publications
_c2008
300 _axxxvii,986p.
_ccm.
650 _aGift
_9391569
942 _hV2y7N27, P8 LR
_cTEXL
_2CC
999 _c795147
_d795147